Indian trees; (Record no. 16931)

000 -LEADER
fixed length control field 00563cam a2200169 4500
040 ## - CATALOGING SOURCE
Transcribing agency DLC
082 ## - DEWEY DECIMAL CLASSIFICATION NUMBER
Classification number 582 BIS 1971 A106 Or.
100 1# - MAIN ENTRY--AUTHOR NAME
Personal name Brandis, Dietrich,
245 10 - TITLE STATEMENT
Title Indian trees;
Remainder of title an account of trees, shrubs, woody climbers, bamboos, and palms indigenous or commonly cultivated in the British Indian Empire.
260 ## - PUBLICATION, DISTRIBUTION, ETC. (IMPRINT)
Place of publication Dehra Dun,
Name of publisher Bishen Singh Mahendra Pal Singh,
Year of publication 1971.
300 ## - PHYSICAL DESCRIPTION
Number of Pages xxxii, 767 p.
Other physical details illus.
Dimensions 25 cm.
500 ## - GENERAL NOTE
General note First published in 1906.
650 #0 - SUBJECT ADDED ENTRY--TOPICAL TERM
Topical Term Trees
650 #0 - SUBJECT ADDED ENTRY--TOPICAL TERM
Topical Term Shrubs
650 #0 - SUBJECT ADDED ENTRY--TOPICAL TERM
Topical Term Forests and forestry
942 ## - ADDED ENTRY ELEMENTS (KOHA)
Koha item type សៀវភៅភាសាអង់គ្លេស
952 ## - LOCATION AND ITEM INFORMATION (KOHA)
Withdrawn status [LOCAL, KOHA] 0
Holdings
Permanent Location Date acquired Koha item type Lost status Shelving location Barcode Current Location Full call number
Library Block A2018-07-04សៀវភៅភាសាអង់គ្លេស A106A09514Library Block A582 BIS 1971 A106 Or.
មជ្ឈមណ្ឌលឯការនៃសាកលវិទ្យាល័យភូមិន្ទកសិកម្មចំការដូង

Powered by Koha